000 00767nam a2200217 4500
001 143844
003 ES-MaACL
005 20230906200904.0
007 t|
008 070214s1977 sp r ||||1| spa d
100 1 _aShackle, George L. S.
_9105977
245 1 3 _aEl `inquiridor` económico
_b: ciento sesenta y cuatro preguntas sobre Economía /
_cGeorge L. S. Shackle ; versión... de Pedro Egurbide ; revisión de José Vergara.
260 _aMadrid :
_bAlianza,
_c1977 (
_fH. de E. Minuesa)
300 _a149 p. ;
_c20 cm.
490 1 _aAlianza Universidad ;
_v180
700 1 _aEgurbide, Pedro.
_946767
700 1 _aVergara, José.
_9114083
830 0 _aAlianza Universidad ;
_v180
_9177276
852 _aES-MaACL
_jA-7176
_bR.96220
999 _c143844
_d143844